00656cam a2200193 a 4500020001500000040000800015082002700023100001800050245003800068250001200106260004300118300002600161650002900187650001900216856005600235942000700291999001700298952014700315 a0072951869 cDLC04a616 MCG 2004 A048 Or. 1 aVitkus, John.10aCasebook in abnormal psychology / a5th ed. aBoston :bMcGraw-Hill College,cc2004. axii, 238 p. ;c24 cm. 0aPsychology, Pathological 0aMental illness41uhttp://www.loc.gov/catdir/toc/mh041/2004269770.html cEK c13833d13833 0010406616_000000000000000_MCG_2004_A048_OR70965354aLBAbLBAcA048d2017-08-31o616 MCG 2004 A048 Or.pA15755r2017-08-31w2017-08-31yEK